Statistics for Administrative divisions of Greenland

Click here to take the quiz!

General Stats

  • This quiz has been taken 4 times
  • The average score is 3 of 11

Answer Stats

HintAnswer% Correct
Capital cityNuuk
100%
Qaqortoq
100%
Special divisionsNortheast greenland national park
50%
Aasiaat
0%
Avannaata
0%
Kujalleq
0%
Llulissat
0%
Qeqertalik
0%
Qeqqata
0%
Sermersooq
0%
Sisimut
0%

Score Distribution

Percentile by Number Answered

Percent of People with Each Score

Your Score History

You have not taken this quiz